000 004590000a22001810004500
003 MACL
005 20160122172114.0
008 160122b xxu||||| |||| 00| 0 eng d
040 _aMACL
_cMACL
041 _aEnglish
082 _a571.938/BAJ
100 _aBajpai, G.S
_934183
245 _aDevelopment Without Disorders
260 _bVishvidyalaya Prakashan
_c2002
_aSagar
350 _a990
650 _aLife Science
_934184
942 _cBK
_k571.93/Baj
_2ddc
999 _c31785
_d31785